000 00416nam a2200181Ia 4500
001 16336
005 20260306170302.0
008 260306t2005||||xx |||||||||||||| ||und||
041 _aESP
082 _a347.3
_bR766
100 _aRoppo, Vincenzo
_eAUT
245 0 _aEl contrato del dos mil
260 _c2005
300 _a92 páginas :
_c21 cm.
650 _aGEN
654 _aCDE
942 _cLIB
_dJUS
_fJUS
_2ddc
_n
999 _c16336
_d16336